Contract between Ghana Grid Company Limited (GRIDCo) the Republic of Ghana and the Consortium of Mitsubishi Corporation, Htachi Plant Construction, Ltd. and YURTEC Corporation, Japan for the project for Reinforcement of Power supply to Accra Central (Record no. 4158)

MARC details
000 -LEADER
fixed length control field 00797nam a22001697a 4500
003 - CONTROL NUMBER IDENTIFIER
control field OSt
005 - DATE AND TIME OF LATEST TRANSACTION
control field 20250711152544.0
008 - FIXED-LENGTH DATA ELEMENTS--GENERAL INFORMATION
fixed length control field 240715b |||||||| |||| 00| 0 eng d
041 ## - LANGUAGE CODE
Language code of text/sound track or separate title English
082 ## - DEWEY DECIMAL CLASSIFICATION NUMBER
Classification number Class No. PM/GRIDCo/16 Acc No. 9019
110 ## - MAIN ENTRY--CORPORATE NAME
Corporate name or jurisdiction name as entry element Ghana Grid Company Ltd. (GRIDCo)
245 ## - TITLE STATEMENT
Title Contract between Ghana Grid Company Limited (GRIDCo) the Republic of Ghana and the Consortium of Mitsubishi Corporation, Htachi Plant Construction, Ltd. and YURTEC Corporation, Japan for the project for Reinforcement of Power supply to Accra Central
260 ## - PUBLICATION, DISTRIBUTION, ETC.
Place of publication, distribution, etc. Accra:
Name of publisher, distributor, etc. Republic of Ghana,
Date of publication, distribution, etc. 2016
300 ## - PHYSICAL DESCRIPTION
Extent 16p.;
653 ## - INDEX TERM--UNCONTROLLED
Uncontrolled term 1. Reinforcement of power supply to Accra Central 2. Consortium of Mitsubishi Corporation 3. GRIDCo 4. YURTEC Corporation, Japan
942 ## - ADDED ENTRY ELEMENTS (KOHA)
Source of classification or shelving scheme Dewey Decimal Classification
Koha item type Agreements
Suppress in OPAC No
Holdings
Withdrawn status Lost status Source of classification or shelving scheme Damaged status Not for loan Home library Current library Shelving location Date acquired Total checkouts Full call number Date last seen Copy number Price effective from Koha item type
    Dewey Decimal Classification     Main Library Main Library Open Shelves 11/07/2025   PM/GRIDCo/16 Acc No. 9019 11/07/2025 1 11/07/2025 Agreements
©2026  Parliament of Ghana Library - All rights reserved